| 000 | 00584ntaaa2200205 4500 | ||
|---|---|---|---|
| 003 | 01 | ||
| 005 | 20251027201651.0 | ||
| 008 | 0714s1973 ag 01 | ||
| 040 |
_aAR-BaBN _bspa _cAR-BaBN _eaacr _dRIC |
||
| 082 | _a232.9000 M11 | ||
| 100 |
_aMachado, Reinaldo R. _915360 |
||
| 245 | _aCristo en la senda histórica | ||
| 250 | _a1 ed. | ||
| 260 |
_aEl Paso : _bCasa Bautista de Publicaciones, _c1956 |
||
| 300 | _a128 p | ||
| 500 | _aEstudio biográfico. Tesis de solución a un magno problema | ||
| 650 |
_acristología _91723 |
||
| 650 |
_aJesucristo-vida de _95253 |
||
| 942 | _cBK | ||
| 999 |
_c11396 _d11396 |
||